Регионална библиотека "Любен Каравелов" - Русе

Никой | Счупената кукла (Запис номер 85819)

MARC детайли
000 -Лидер
Контролно поле с фиксирана дължина 01273nam a2200313 c 4500
003 - Код на организацията, давaща контролен номер
Контролно поле BLK
005 - Дата и час на последна редакция
Контролно поле 20210818150103.0
008 - Елементи от данни с фиксирана дължина
fixed length control field 180408b bul|||||r ||||||| ||bul||
010 ## - Наследен системен номер
LC control number KNG00090422000
020 ## - Международен стандартен номер на книга ISBN
Международен стандартен номер на книга ISBN 978-954-9835-72-4
-- издат.: Хайни
040 ## - Източник на каталожния запис
Идентификатор на билиотеката - собственик на записа BLK
041 ## - Код за език
Код за езика на текст/звукозапис или на отделно заглавие Български
Код за езика КДБФ Български
080 ## - УДК
Текстов определител УДК Руска литература
УДК код - определител по УДК 821.161.1
УДК определител -31
УДК - код + определител 821.161.1-31
100 1# - Редна дума - Автор
Автор Лиханов, Алберт Анатолиевич
Авторска отговорност първи автор
R(LIN) 89207
139 ## - Редно поле
Редна дума Лиханов, Алберт Анатолиевич
Авторски знак Лих - Л 70
245 10 - Сведения за заглавието
Заглавие Никой
Подзаглавни данни Роман
Редно поле (дума) Алберт Анатолиевич Лиханов; прев. от рус. Ганка Константинова.
245 10 - Сведения за заглавието
Заглавие Счупената кукла
Подзаглавни данни Роман
Редно поле (дума)
257 ## - Страна на издаване
Страна на създаване/издаване Русия
260 ## - Област на издателските данни
-- София
Име на издателя, разпространителя и проч. Хайни
Година на издаване 2008
300 ## - Физическа характеристика
Страници 352 с.
Размери/Мащаб 21 см
380 ## - Жанр
Жанр Худож. лит.
500 ## - Общи забележки
Забележка На загл. с. Момчето и момичето : Съвр. дилогия ; Без сведение за ориг. загл.
700 1# - Други автори (авторска отговорност)
Лично име Константинова, Ганка
Автороска отговорност (Описва отношението между автора и произведението) прев. от рус.
9 (RLIN) 245442
852 ## - Местоположение
Форматна сигнатура Цб 244647
856 4# - Електронен адрес и достъп
Електронен формат pdf - файл
Път до файла /url/
856 4# - Електронен адрес и достъп
Електронен формат pdf - файл
Път до файла /url/
942 ## - АРТИКУЛИ
Вид на библиотечния материал Книги
Скрит в OPAC Не
Koha issues (borrowed), all copies 1
944 ## - СЪЗДАВАНЕ И РЕДАКЦИЯ на ЗАПИСА
Създаване/Редакция Създаване
Дата на регистрацията/редакция 07.07.2009
Статус, дата на статуса ф /
Служител, извършил регистрацията/редакцията Геновева_Генчева
944 ## - СЪЗДАВАНЕ И РЕДАКЦИЯ на ЗАПИСА
Създаване/Редакция Редакция
Дата на регистрацията/редакция 26.10.2009
Статус, дата на статуса ф /
Служител, извършил регистрацията/редакцията
999 ## - СИСТЕМНИ КОНТРОЛНИ НОМЕРА
Koha biblionumber 85819
Koha biblioitemnumber 85819
Наличности
Код за отписване Код за изгубен артикул Код за повреда Коз за рестрикции Код за отдаване Артикулен № Име на библиотеката - собственик Име на библиотеката, в която се намира в момента Статус (Текущо местоположение) Дата на вписване в системата Местоположение - отдел Цена в лева Инвентарен номер Систематично азбучна сигнатура Баркод Номер на екземпляра Цена в евро Служебна бележка Служебен тип на артикула
  Не е изгубен Не е повреден без рестрикции заемане за дома 139103 Регионална библиотека "Любен Каравелов" Русе Регионална библиотека "Любен Каравелов" Русе Заемна - подръчен фонд 2009-07-07 Заемна - подръчен фонд 10.00 120000736783 П 882-31/Л 70 120000736783 1 5.11 Дост: Pk Вид: Ф N: 19077 Дата: 01.07.2009 Дата инв: 12.02.2018 Бележки инв: П2018 Книги
  Не е изгубен Не е повреден без рестрикции ползва се в читалня 139104 Регионална библиотека "Любен Каравелов" Русе Регионална библиотека "Любен Каравелов" Русе Хранилище 2009-09-11 Хранилище 10.00 120000738032 Цб 244647 120000738032 2 5.11 Дост: Dp Вид: Д N: 13 Дата: 18.03.2009 Книги
Vip Innovations Ltd, Rousse, Bulgaria 2025